|
|
|
|
| LEADER |
00000nab a2200000 a 4500 |
| 001 |
vtls000447053 |
| 003 |
SK-MaSNL |
| 005 |
20260319075410.0 |
| 008 |
120926c1988 xo 0 ger |
| 015 |
|
|
|a SNBRA19rr/mm-uuuuu
|
| 035 |
|
|
|a CL0447184
|
| 040 |
|
|
|a SNKBUCL
|b slo
|c SNKBUCL
|e AACR2
|
| 041 |
0 |
|
|a slo
|
| 044 |
|
|
|a xo
|c SK
|
| 080 |
|
|
|a 581.526.3
|2 1981
|
| 100 |
1 |
|
|a Mochnacký, Sergej,
|d 1953-
|4 aut
|9 119105
|
| 245 |
1 |
4 |
|a Die Pflanzengesellschaften der Klasse Isoěto-Nanojuncetea in den Agrozönosen der Ostslowakischen Tiefebene
|c Sergej Mochnacký
|
| 300 |
|
|
|b Lit. 3 zázn. v slov., franc.
|
| 650 |
0 |
7 |
|a fytocenózy hydrofilné
|2 snkbucl
|9 974224
|
| 650 |
0 |
7 |
|a fytocenózy halofilné
|2 snkbucl
|9 974225
|
| 650 |
0 |
7 |
|a Isoeto-Nanojuncetea (trieda bot.)
|2 snkbucl
|9 974226
|
| 651 |
|
7 |
|a 5400
|2 snkbucl
|9 279426
|
| 651 |
|
7 |
|a Východoslovenská nížina (Slovensko)
|2 snkbucl
|9 19595
|
| 655 |
|
7 |
|a články zo zborníkov
|2 snkbucl
|9 166140
|
| 773 |
0 |
|
|t Synanthropic Flora and Vegetation 5
|d Martin, 1988
|
| 850 |
|
|
|a Slovenská národná knižnica v Martine
|a MTA001
|
| 852 |
|
|
|a SNK
|b KIS3GCP
|
| 958 |
|
|
|a RK
|
| 992 |
|
|
|a RZB
|
| 999 |
|
|
|c 1557921
|d 1559851
|